000
00270nam a2200121Ia 4500
008
190216s9999||||xx |||||||||||||| ||und||
100
_a
Babbni B B
245
0
_a
Electronic Novelty Circuit
260
_b
Babani
_c
1975
300
_a
95p
650
_a
Physics
942
_c
BK
999
_c
33096
_d
33096